The break-up artist / Philip Siegel.
Available copies
- 1 of 1 copy available at LARL/NWRL Consortium. (Show)
- 1 of 1 copy available at Northwest Regional Library.
Current holds
0 current holds with 1 total copy.
Show Only Available Copies
| Location | Call Number / Copy Notes | Barcode | Shelving Location | Status | Due Date |
|---|---|---|---|---|---|
| Hallock Public Library | ya SIE (Text) | 35500005389414 | Main | Available | - |
Record details
- ISBN: 9780373211159
- ISBN: 0373211155
- Physical Description: 319 pages ; 22 cm
- Publisher: Don Mills, Ontario, Canada : Harlequin Teen, 2014
Content descriptions
| Summary, etc.: | Some sixteen-year-olds babysit for extra cash. ... Read More |
Search for related items by subject
| Genre: | Love stories. |
| LDR | 02529cam a2200397Ii 4500 | ||
|---|---|---|---|
| 001 | 165477 | ||
| 003 | LARL_NWRL_CONSORTIUM | ||
| 005 | 20140428150154.0 | ||
| 008 | 140305s2014 onc d 000 1 eng d | ||
| 019 | . | ‡a858362928 | |
| 020 | . | ‡a9780373211159 | |
| 020 | . | ‡a0373211155 | |
| 035 | . | ‡a(OCoLC)875380287 ‡z(OCoLC)858362928 | |
| 040 | . | ‡aTOH ‡beng ‡erda ‡cTOH ‡dBTCTA ‡dBDX ‡dFOLLT ‡dOCP ‡dNRG | |
| 049 | . | ‡aNRGH | |
| 082 | 0 | 4. | ‡a[Fic] ‡223 |
| 100 | 1 | . | ‡aSiegel, Philip, ‡eauthor. |
| 245 | 1 | 4. | ‡aThe break-up artist / ‡cPhilip Siegel. |
| 260 | . | ‡aDon Mills, Ontario, Canada : ‡bHarlequin Teen, ‡c2014 | |
| 300 | . | ‡a319 pages ; ‡c22 cm | |
| 336 | . | ‡atext ‡2rdacontent | |
| 337 | . | ‡aunmediated ‡2rdamedia | |
| 338 | . | ‡avolume ‡2rdacarrier | |
| 520 | . | ‡aSome sixteen-year-olds babysit for extra cash. Some work at the mall. Becca Williamson breaks up couples. Becca knows from experience the damage that love can do. After all, it was so-called love that turned Huxley from her childhood best friend into a social-world dictator, and love that left Becca's older sister devastated at the altar. Instead of sitting on the sidelines, Becca strikes back{8212}for just one hundred dollars via PayPal, she will trick and manipulate any couple's relationship into smithereens. And with relationship zombies overrunning her school and treating single girls as if they're second-class citizens, business is unfortunately booming. Even Becca's best friend, Val, has resorted to outright lies to snag a boyfriend. One night, Becca receives a mysterious offer to break up the most popular couple in school: Huxley and the football team's star player, Steve. To succeed, she'll have to plan her most elaborate scheme to date{8212}starting rumors, sabotaging cell phones, breaking into cars{8230}not to mention sneaking back into Huxley's good graces. All while fending off the inappropriate feelings she may or may not be having for Val's new boyfriend. No one said being the Break-Up Artist would be easy. | |
| 650 | 0. | ‡aTeenagers ‡vJuvenile fiction. ‡0(LARL_NWRL_CONSORTIUM)167671 | |
| 650 | 0. | ‡aSchools ‡vJuvenile fiction. ‡0(LARL_NWRL_CONSORTIUM)167227 | |
| 650 | 0. | ‡aMan-woman relationships ‡vJuvenile fiction. | |
| 650 | 1. | ‡aTeenagers ‡vFiction. ‡0(LARL_NWRL_CONSORTIUM)167663 | |
| 650 | 1. | ‡aSchools ‡vFiction. ‡0(LARL_NWRL_CONSORTIUM)167222 | |
| 650 | 1. | ‡aMan-woman relationships ‡vFiction. ‡0(LARL_NWRL_CONSORTIUM)165985 | |
| 650 | 1. | ‡aLove ‡vFiction. ‡0(LARL_NWRL_CONSORTIUM)176088 | |
| 655 | 7. | ‡aLove stories. ‡2gsafd | |
| 994 | . | ‡aC0 ‡bNRG | |
| 901 | . | ‡a165477 ‡bOCLC ‡c165477 ‡tbiblio | |

Add to basket
Permalink
Disable Highlighting